000 00675nam a2200241 i 4500
001 bg
100 1 _aCHODUBSKI, Andrzej
245 1 0 _aWstęp do badań politologicznych /
_cAndrzej Chodubski.
250 _aWyd.1 dodr.
260 _aGdańsk :
_bWydaw. Uniwersytetu Gdańskiego,
_c1998.
300 _a151, [1] s. ;
_c24 cm.
504 _aBibliogr. s. 147-149 i przy rozdz.
650 9 _aPolityka
_xteoria
650 9 _aPolityka
_xbadanie
_xmetody
655 _aPodręczniki akademickie
020 _a8370175767
040 _cBPK
041 0 _apl
080 _a32.001(075.8)
920 _a83-7017-576-7
942 _cKS
008 s pl f |000 0 pol
999 _c37237
_d37237
856 _uhttp://koha.tu.koszalin.pl/cgi-bin/koha/opac-detail.pl?biblionumber=37237
_yKatalog online BPK